Fundamentals of periodontal instrumentation and advanced root instrumentation / (Record no. 25459)
[ view plain ]
| 000 -LEADER | |
|---|---|
| fixed length control field | 01220cam a22003255a 4500 |
| 001 - CONTROL NUMBER | |
| control field | 017809046 |
| 003 - CONTROL NUMBER IDENTIFIER | |
| control field | OSt |
| 005 - DATE AND TIME OF LATEST TRANSACTION | |
| control field | 20171024112045.0 |
| 008 - FIXED-LENGTH DATA ELEMENTS--GENERAL INFORMATION | |
| fixed length control field | 160323t2016 paua frb 001 0 eng d |
| 020 ## - INTERNATIONAL STANDARD BOOK NUMBER | |
| International Standard Book Number | 9781496320209 |
| 020 ## - INTERNATIONAL STANDARD BOOK NUMBER | |
| International Standard Book Number | 1496320204 |
| 040 ## - CATALOGING SOURCE | |
| Original cataloging agency | StDuBDS |
| Language of cataloging | eng |
| Transcribing agency | StDuBDS |
| Modifying agency | EG-ScBUE |
| -- | EG-ScBUE |
| 082 04 - DEWEY DECIMAL CLASSIFICATION NUMBER | |
| Classification number | 617.601 |
| Item number | GEH |
| Edition number | 22 |
| 100 1# - MAIN ENTRY--PERSONAL NAME | |
| Personal name | Gehrig, Jill S. |
| Fuller form of name | (Jill Shiffer), |
| 245 10 - TITLE STATEMENT | |
| Title | Fundamentals of periodontal instrumentation and advanced root instrumentation / |
| Statement of responsibility, etc | Jill Gehrig, Rebecca Sroda, Darlene Saccuzzo. |
| 250 ## - EDITION STATEMENT | |
| Edition statement | 8th ed. |
| 260 ## - PUBLICATION, DISTRIBUTION, ETC. (IMPRINT) | |
| Place of publication, distribution, etc | Philadelphia : |
| Name of publisher, distributor, etc | Wolters Kluwer, |
| Date of publication, distribution, etc | c.2017. |
| 300 ## - PHYSICAL DESCRIPTION | |
| Extent | 754 p. : |
| Other physical details | ill. ; |
| Dimensions | 28 cm. |
| 500 ## - GENERAL NOTE | |
| General note | Visit http://thepoint.lww.com to learn more about thepoint and the resources available. Use the scratch off code to access the student resources. |
| 504 ## - BIBLIOGRAPHY, ETC. NOTE | |
| Bibliography, etc | Includes bibliographical references and index. |
| 650 #7 - SUBJECT ADDED ENTRY--TOPICAL TERM | |
| Topical term or geographic name as entry element | Periodontics. |
| Source of heading or term | BUEsh |
| 9 (RLIN) | 39502 |
| 650 #7 - SUBJECT ADDED ENTRY--TOPICAL TERM | |
| Topical term or geographic name as entry element | Periodontics |
| General subdivision | Instruments. |
| Source of heading or term | BUEsh |
| 651 ## - SUBJECT ADDED ENTRY--GEOGRAPHIC NAME | |
| Source of heading or term | BUEsh |
| 653 ## - INDEX TERM--UNCONTROLLED | |
| Resource For college | |
| Arrived date list | September2017 |
| -- | October2017 |
| 655 ## - INDEX TERM--GENRE/FORM | |
| Form subdivision | Text book |
| -- | 33728 |
| 700 1# - ADDED ENTRY--PERSONAL NAME | |
| Personal name | Sroda, Rebecca. |
| 700 1# - ADDED ENTRY--PERSONAL NAME | |
| Personal name | Saccuzzo, Darlene. |
| 856 40 - ELECTRONIC LOCATION AND ACCESS | |
| Logon | Access the student resources : |
| Uniform Resource Identifier | <a href="http://thepoint.lww.com">http://thepoint.lww.com</a> |
| 942 ## - ADDED ENTRY ELEMENTS (KOHA) | |
| Source of classification or shelving scheme | Dewey Decimal Classification |
| Withdrawn status | Item status | Source of classification or shelving scheme | Damaged status | Not for loan | Vendor | Home library | Current library | Shelving location | Date acquired | Source of acquisition | Cost, normal purchase price | Total Checkouts | Full call number | Barcode | Date last seen | Koha item type | Date last borrowed |
|---|---|---|---|---|---|---|---|---|---|---|---|---|---|---|---|---|---|
| Dewey Decimal Classification | Baccah | Central Library | Central Library | First floor | 28/09/2017 | Purchase | 1490.00 | 617.601 GEH | 000046558 | 15/07/2025 | NB - Book (Non borrowing) | ||||||
| Dewey Decimal Classification | Baccah | Central Library | Central Library | First floor | 28/09/2017 | Purchase | 1490.00 | 617.601 GEH | 000046557 | 15/07/2025 | Book - Borrowing | ||||||
| Dewey Decimal Classification | Baccah | Central Library | Central Library | First floor | 28/09/2017 | Purchase | 1490.00 | 617.601 GEH | 000046556 | 15/07/2025 | Book - Borrowing | ||||||
| Dewey Decimal Classification | Baccah | Central Library | Central Library | First floor | 24/10/2017 | Purchase | 1490.00 | 1 | 617.601 GEH | 000042199 | 15/07/2025 | Book - Borrowing | 09/10/2021 | ||||
| Dewey Decimal Classification | Baccah | Central Library | Central Library | First floor | 24/10/2017 | Purchase | 1490.00 | 617.601 GEH | 000042200 | 15/07/2025 | NB - Book (Non borrowing) |